[Event "New York State Scholastic-ch"]
[Site "New York"]
[Date "2025.03.15"]
[Round "1"]
[White "Adewumi, Tanitoluwa"]
[Black "Fugate, Lucas"]
[Result "1-0"]
[WhiteElo "2362"]
[BlackElo "1860"]
[PlyCount "73"]
[EventDate "2025.03.15"]
[EventType "swiss"]
[EventRounds "6"]
[EventCountry "USA"]
[SourceTitle "CB12_2025"]
[SourceDate "2025.03.19"]
[SourceVersion "1"]
[SourceVersionDate "2025.03.19"]
[SourceQuality "1"]

1. e4 e5 2. Nf3 Nc6 3. Bc4 Nf6 4. d3 Bc5 5. 0-0 d6 6. c3 a5 7. Re1 Ba7 8. Nbd2 0-0 9. h3 Re8 10. Nf1 Ne7 11. Ng3 Ng6 12. d4 Be6 13. Bd3 h6 14. Be3 c6 15. Qc2 Qc7 16. Rad1 a4 17. b3 axb3 18. axb3 b5 19. Ra1 Bb6 20. c4 bxc4 21. bxc4 exd4 22. Nxd4 Ra7 23. Rxa7 Bxa7 24. Qa4 Bxd4 25. Bxd4 Ne5 26. Bf1 c5 27. Bc3 Nfd7 28. f4 Nc6 29. f5 Nb6 30. Qa1 Bxc4 31. Bxg7 Bxf1 32. Nh5 Nd7 33. Bxh6 Nce5 34. Rxf1 Kh7 35. Bg7 Rg8 36. f6 c4 37. Qc1 1-0